| 000 | 00000nam##2200000za#4500 |
| 001 | 9.699209 |
| 003 | CaOODSP |
| 005 | 20210625000257 |
| 007 | cr ||||||||||| |
| 008 | 150407|1997||||xxc|||||o f|0| 0 eng|d |
| 040 | |aCaOODSP|beng |
| 043 | |an-cn--- |
| 086 | 1 |aEn108-4/10-1-1997E-PDF |
| 110 | 1 |aCanada.|bCanadian Council of Ministers of the Environment. |
| 245 | 12|aA framework for ecological risk assessment : |h[electronic resource]|btechnical appendices / |c[by the] CCME Subcommittee on Environmental Quality Criteria for Contaminated Sites. |
| 260 | |aWinnipeg - Manitoba : |bCanadian Council of Ministers of the Environment |cMarch 1997. |
| 300 | |a72p.|bfigs., graphs, references, tables |
| 500 | |aThe catalogue number (En108-4/10-1-1997E) and ISBN (0-660-19953-3) for the print edition have been incorrectly copied in this electronic publication. |
| 590 | |a14-09-Supp|b2014-04-23 |
| 690 | 07|aPollution control|2gcpds |
| 690 | 07|aRisk management|2gcpds |
| 775 | 08|tCadre de travail pour l'évaluation du risque écotoxicologique : |w(CaOODSP)9.643164 |
| 856 | 40|ahttp://publications.gc.ca|qPDF|s3.91 MB|uhttps://publications.gc.ca/collections/collection_2014/ec/En108-4-10-1-1997-eng.pdf |